Music Quiz

Random Music or Alphabet Quiz

Letters Minefield: Beatles Albums Quiz Stats

 Plays Quiz Updated Jan 25, 2018

Challenge
Share
Tweet
Embed
Score 0/10 Timer 01:00
7 Plays Today
% Correct
???
75%
???
72%
???
71.7%
???
67.5%
???
61.5%
???
59.5%
???
54.6%
???
53.7%
???
49.5%
???
41.8%

You're not logged in!

Compare scores with friends on all Sporcle quizzes.
OR
Log In

You Might Also Like...

Show Comments

Extras

Top Quizzes Today


Score Distribution

Your Account Isn't Verified!

In order to create a playlist on Sporcle, you need to verify the email address you used during registration. Go to your Sporcle Settings to finish the process.

Report this User

Report this user for behavior that violates our Community Guidelines.

Details: